00229nam a2200097Ia 4500008004100000100002000041245002100061260003200082260000900114300000800123170620s9999 xx 000 0 und d aDevidi-abhishek 0aComputer Shiksha bRadha Prakashan Mandir Agra c2017 a152